[Event "Muensterland Verbandsliga 1819"]
[Site "Germany"]
[Date "2019.01.26"]
[Round "6.7"]
[White "Droste, Laurenz"]
[Black "Kloster, Elisabeth"]
[Result "1-0"]
[WhiteElo "1619"]
[BlackElo "1701"]
[PlyCount "73"]
[EventDate "2018.09.01"]
[EventType "team-tourn"]
[EventRounds "9"]
[EventCountry "GER"]
[SourceTitle "EXT 2020"]
[Source "ChessBase"]
[SourceDate "2019.10.17"]
[SourceVersion "1"]
[SourceVersionDate "2019.10.17"]
[SourceQuality "1"]
[WhiteTeam "Raesfeld Erle II"]
[BlackTeam "Heiden"]
[WhiteTeamCountry "GER"]
[BlackTeamCountry "GER"]

1. f4 e6 2. Nf3 Nf6 3. e3 d5 4. b3 c5 5. Bb2 Nc6 6. Bb5 Bd7 7. 0-0 Be7 8. Bxc6 Bxc6 9. Nc3 d4 10. exd4 cxd4 11. Ne2 d3 12. cxd3 Qxd3 13. Ne5 Qd5 14. Nxc6 bxc6 15. d4 Rd8 16. Qc2 h5 17. Rac1 Rc8 18. f5 Ng4 19. Rf3 h4 20. fxe6 Qxe6 21. Nf4 Qd7 22. Re1 0-0 23. Qc4 Bg5 24. Ng6 Qd6 25. Ne5 Nxe5 26. dxe5 Qd2 27. Re2 Qd1+ 28. Rf1 Qd5 29. Qg4 Be7 30. e6 Qg5 31. exf7+ Kh8 32. Qd7 Bc5+ 33. Kh1 Rcd8 34. Qe6 Rd6 35. Qe5 Qxe5 36. Rxe5 Rd2 37. Rh5# 1-0

[Event "Muensterland Verbandsliga 1415"]
[Site "Germany"]
[Date "2014.09.06"]
[Round "1.7"]
[White "Kloster, Elisabeth"]
[Black "Hanewinkel, Christian"]
[Result "1-0"]
[WhiteElo "1729"]
[BlackElo "1686"]
[PlyCount "91"]
[EventDate "2014.09.06"]
[EventType "team-tourn"]
[EventRounds "9"]
[EventCountry "GER"]
[SourceTitle "EXT 2016"]
[Source "ChessBase"]
[SourceDate "2015.10.08"]
[SourceVersion "1"]
[SourceVersionDate "2015.10.08"]
[SourceQuality "1"]
[WhiteTeam "Heiden"]
[BlackTeam "Beelen"]
[WhiteTeamCountry "GER"]
[BlackTeamCountry "GER"]

1. e4 e6 2. d4 d5 3. exd5 exd5 4. Bd3 Nc6 5. c3 g6 6. Bf4 Bd6 7. Ne2 Bg4 8. Bxd6 Qxd6 9. 0-0 0-0-0 10. h3 Bxe2 11. Bxe2 h5 12. Nd2 g5 13. Bxh5 f5 14. Qf3 Nce7 15. Rfe1 Nh6 16. Qe3 Rh7 17. Qe6+ Kb8 18. Qxd6 Rxd6 19. Re5 g4 20. hxg4 Nxg4 21. Bxg4 fxg4 22. Rae1 Rdh6 23. Kf1 c6 24. Ke2 Kc8 25. Kd3 Ng6 26. Re8+ Kd7 27. g3 Rf7 28. R8e2 Ne7 29. Nf1 Rhf6 30. Ne3 Rf3 31. Kd2 Rxf2 32. Nxg4 Rxe2+ 33. Rxe2 Kd6 34. Ne5 Rg7 35. g4 Ng8 36. Rf2 Ke6 37. Ke3 c5 38. Kf4 cxd4 39. cxd4 Ne7 40. Rh2 Kd6 41. Rh6+ Kc7 42. g5 Nc6 43. Nxc6 bxc6 44. g6 Kb6 45. Kf5 c5 46. Kf6 1-0

[Event "BL2 West 1314 (Women)"]
[Site "Germany"]
[Date "2014.02.16"]
[Round "5.3"]
[White "Rosmait, Emily"]
[Black "Kloster, Elisabeth"]
[Result "1-0"]
[WhiteElo "1733"]
[BlackElo "1710"]
[PlyCount "39"]
[EventDate "2013.11.30"]
[EventType "team-tourn"]
[EventRounds "7"]
[EventCountry "GER"]
[SourceTitle "EXT 2018"]
[Source "ChessBase"]
[SourceDate "2017.10.13"]
[SourceVersion "1"]
[SourceVersionDate "2017.10.13"]
[SourceQuality "1"]
[WhiteTeam "Norderstedt Harksheide (W)"]
[BlackTeam "Heiden (W)"]
[WhiteTeamCountry "GER"]
[BlackTeamCountry "GER"]

1. e4 e6 2. d3 h6 3. Nf3 d5 4. Nbd2 c5 5. g3 Nc6 6. Bg2 Nf6 7. 0-0 Be7 8. Re1 0-0 9. Qe2 d4 10. e5 Nd7 11. h4 Qc7 12. Nf1 f6 13. exf6 Rxf6 14. N1h2 Rg6 15. h5 Rf6 16. Ng4 Nde5 17. Nfxe5 Nxe5 18. Nxf6+ gxf6 19. Bxh6 Bd6 20. f4 1-0

[Event "Muensterland Verbandsklasse-B 1112"]
[Site "Germany"]
[Date "2012.05.12"]
[Round "9.6"]
[White "Beckmann, Christian"]
[Black "Kloster, Elisabeth"]
[Result "1/2-1/2"]
[WhiteElo "1851"]
[BlackElo "1783"]
[PlyCount "109"]
[EventDate "2011.09.17"]
[EventType "team-tourn"]
[EventRounds "9"]
[EventCountry "GER"]
[SourceTitle "EXT 2013"]
[Source "ChessBase"]
[SourceDate "2012.11.22"]
[SourceVersion "1"]
[SourceVersionDate "2012.11.22"]
[SourceQuality "1"]
[WhiteTeam "Ahaus Wessum"]
[BlackTeam "Heiden II"]
[WhiteTeamCountry "GER"]
[BlackTeamCountry "GER"]

1. e4 e6 2. f4 d5 3. e5 c5 4. d4 cxd4 5. Nf3 Nc6 6. Bd3 Bb4+ 7. Nbd2 Nge7 8. 0-0 0-0 9. Kh1 Nf5 10. Bxf5 exf5 11. Nb3 Qb6 12. Nbxd4 Nxd4 13. Qxd4 Bc5 14. Qxd5 Be6 15. Qd3 Rfd8 16. Qe2 Rac8 17. c3 a6 18. Nd2 Be3 19. Nb3 Bxc1 20. Raxc1 Bc4 21. Qf2 Qxf2 22. Rxf2 Bxb3 23. axb3 Rd3 24. g3 Rcd8 25. Kg2 Re3 26. b4 g6 27. Rcc2 Kf8 28. Rfe2 Red3 29. Kh3 Ke7 30. Kh4 h6 31. Rc1 Ke6 32. Rce1 Rg8 33. Re3 Rd2 34. R1e2 Rgd8 35. g4 fxg4 36. Kxg4 Rd1 37. Kf3 Kf5 38. e6 fxe6 39. Rxe6 R8d3+ 40. Kf2 R1d2 41. Rb6 Rxe2+ 42. Kxe2 Rh3 43. Rxb7 Rxh2+ 44. Kf3 Rxb2 45. Rf7+ Ke6 46. Ra7 Ra2 47. Ke4 Kd6 48. Kd3 Kc6 49. Rg7 Rg2 50. f5 Rg3+ 51. Kc2 g5 52. Rg6+ Kb5 53. Rxh6 Rf3 54. f6 Kc4 55. Rg6 1/2-1/2

[Event "Muensterland Verbandsklasse-B 1112"]
[Site "Germany"]
[Date "2012.04.21"]
[Round "8.6"]
[White "Kloster, Elisabeth"]
[Black "Joergensmann, Rolf"]
[Result "1-0"]
[WhiteElo "1783"]
[BlackElo "1717"]
[PlyCount "66"]
[EventDate "2011.09.17"]
[EventType "team-tourn"]
[EventRounds "9"]
[EventCountry "GER"]
[SourceTitle "EXT 2013"]
[Source "ChessBase"]
[SourceDate "2012.11.22"]
[SourceVersion "1"]
[SourceVersionDate "2012.11.22"]
[SourceQuality "1"]
[WhiteTeam "Heiden II"]
[BlackTeam "Nienberge II"]
[WhiteTeamCountry "GER"]
[BlackTeamCountry "GER"]

1. e4 e6 2. d4 d5 3. exd5 exd5 4. Bd3 Nf6 5. Bf4 c5 6. Nf3 c4 7. Be2 Bb4+ 8. c3 Be7 9. h3 0-0 10. Nbd2 Bf5 11. 0-0 Nbd7 12. Re1 h6 13. Ne5 Nxe5 14. Bxe5 Bd6 15. Bf3 Be6 16. b3 cxb3 17. axb3 Bxe5 18. Rxe5 Nd7 19. Re3 Qb6 20. b4 Rfc8 21. Nb3 Qd6 22. Nc5 Nxc5 23. dxc5 Qf4 24. Rd3 Rd8 25. Bxd5 Bxd5 26. Rxd5 Re8 27. Rd7 Qc4 28. Qf3 Rad8 29. Rxd8 Rxd8 30. Rxa7 Rd3 31. Ra8+ Kh7 32. Qf5+ g6 33. Qf6 Qxc3 1-0

[Event "BL2 West 1112 (Women)"]
[Site "Germany"]
[Date "2012.02.11"]
[Round "6.3"]
[White "Kloster, Elisabeth"]
[Black "Amirezaishvili, Maia"]
[Result "1-0"]
[WhiteElo "1718"]
[BlackElo "1886"]
[PlyCount "57"]
[EventDate "2011.10.29"]
[EventType "team-tourn"]
[EventRounds "7"]
[EventCountry "GER"]
[SourceTitle "EXT 2013"]
[Source "ChessBase"]
[SourceDate "2012.11.22"]
[SourceVersion "1"]
[SourceVersionDate "2012.11.22"]
[SourceQuality "1"]
[WhiteTeam "Heiden (W)"]
[BlackTeam "Steinfurt (W)"]
[WhiteTeamCountry "GER"]
[BlackTeamCountry "GER"]

1. e4 c5 2. Nf3 d6 3. d4 cxd4 4. Nxd4 Nf6 5. Nc3 a6 6. Bg5 Nbd7 7. Be2 Qa5 8. Qd2 Qc7 9. 0-0 Ne5 10. Bxf6 gxf6 11. Nd5 Qd8 12. Qc3 Rb8 13. f4 Ng6 14. Nb5 Bg7 15. Nbc7+ Kf8 16. f5 Ne5 17. Nf4 Bd7 18. Ncd5 Rc8 19. Qb3 b5 20. Rad1 Nc4 21. Rf3 h5 22. Rh3 h4 23. Nh5 Bh6 24. Rxh4 Nd2 25. Qh3 Rxc2 26. Nhxf6 Nf3+ 27. Bxf3 Kg7 28. Qg3+ Kf8 29. Rxh6 1-0

[Event "Muensterland Verbandsklasse-B 1112"]
[Site "Germany"]
[Date "2011.12.10"]
[Round "4.6"]
[White "Dietrich, Johannes"]
[Black "Kloster, Elisabeth"]
[Result "1/2-1/2"]
[WhiteElo "1788"]
[BlackElo "1783"]
[PlyCount "48"]
[EventDate "2011.09.17"]
[EventType "team-tourn"]
[EventRounds "9"]
[EventCountry "GER"]
[SourceTitle "EXT 2013"]
[Source "ChessBase"]
[SourceDate "2012.11.22"]
[SourceVersion "1"]
[SourceVersionDate "2012.11.22"]
[SourceQuality "1"]
[WhiteTeam "Muenster IV"]
[BlackTeam "Heiden II"]
[WhiteTeamCountry "GER"]
[BlackTeamCountry "GER"]

1. Nf3 Nf6 2. c4 d6 3. Nc3 g6 4. g3 Bg7 5. Bg2 0-0 6. 0-0 Nbd7 7. d3 e5 8. Rb1 Rb8 9. Be3 b6 10. h3 Bb7 11. b4 Re8 12. Qd2 e4 13. Nd4 exd3 14. exd3 Ne5 15. f4 c5 16. fxe5 cxd4 17. Bxd4 dxe5 18. Be3 Bxg2 19. Kxg2 Qd6 20. Bg5 Qc6+ 21. Kh2 Nh5 22. Qg2 Qxg2+ 23. Kxg2 h6 24. Be3 Nf6 1/2-1/2

[Event "Muensterland Verbandsklasse-A 0405"]
[Site "Muensterland"]
[Date "2005.04.23"]
[Round "9.8"]
[White "Kloster, Elisabeth"]
[Black "Grotenhuis, Gerard"]
[Result "0-1"]
[WhiteElo "1724"]
[BlackElo "1911"]
[PlyCount "124"]
[EventDate "2004.09.11"]
[EventType "team"]
[EventRounds "9"]
[EventCountry "GER"]
[SourceTitle "EXT 2006"]
[Source "ChessBase"]
[SourceDate "2005.11.24"]
[SourceVersion "1"]
[SourceVersionDate "2005.11.24"]
[SourceQuality "1"]
[WhiteTeam "Heiden II"]
[BlackTeam "Gronau"]
[WhiteTeamCountry "GER"]
[BlackTeamCountry "GER"]

1. e4 d5 2. exd5 Qxd5 3. Nc3 Qd6 4. Nf3 Nf6 5. Bc4 a6 6. Qe2 Nc6 7. d3 b5 8. Bb3 h6 9. 0-0 Bb7 10. Ne4 Nxe4 11. Qxe4 g5 12. Qf5 e6 13. Qf6 Rg8 14. Re1 Bg7 15. Qf5 Ne7 16. Qg4 h5 17. Qxh5 Rh8 18. Qxg5 Bxf3 19. gxf3 Qxh2+ 20. Kf1 Bd4 21. Qg2 Qd6 22. f4 Kd7 23. Be3 Bxb2 24. Rab1 Bc3 25. Red1 Rag8 26. Qf3 Nf5 27. d4 Rh2 28. Rd3 b4 29. Ba4+ Ke7 30. d5 Nxe3+ 31. Rxe3 Rgh8 32. Ke2 Bd4 33. Rd1 Bxe3 34. Qxe3 R8h3 35. Qe5 Rh5 36. Qxd6+ cxd6 37. dxe6 fxe6 38. Rg1 Kf6 39. Rd1 d5 40. Rg1 R5h4 41. Ke3 R2h3+ 42. f3 Rh8 43. Bb3 Rc8 44. Kf2 Rc3 45. Rg3 Rh1 46. Rg8 Rc1 47. Rb8 a5 48. Rf8+ Ke7 49. Ra8 R3xc2+ 50. Ke3 Rc5 51. Ba4 R1c3+ 52. Ke2 Ra3 53. Ra7+ Kf6 54. Be8 Rxa2+ 55. Kd1 e5 56. Rf7+ Ke6 57. f5+ Kd6 58. Rd7+ Kc6 59. f6 Rc3 60. Rd8+ Kc5 61. Bh5 Kd4 62. f7 Ke3 0-1

[Event "Muensterland Verbandsklasse-A 0304"]
[Site "Germany"]
[Date "2004.02.14"]
[Round "6.8"]
[White "Kloster, Elisabeth"]
[Black "Hedwig, Johannes"]
[Result "0-1"]
[WhiteElo "1685"]
[BlackElo "1561"]
[PlyCount "86"]
[EventDate "2003.09.20"]
[EventType "team"]
[EventRounds "9"]
[EventCountry "GER"]
[SourceTitle "EXT 2005"]
[Source "ChessBase"]
[SourceDate "2004.11.15"]
[SourceVersion "1"]
[SourceVersionDate "2004.11.15"]
[SourceQuality "1"]
[WhiteTeam "Heiden II"]
[BlackTeam "Emsdetten Rochade"]
[WhiteTeamCountry "GER"]
[BlackTeamCountry "GER"]

1. e4 c5 2. Nf3 d6 3. d4 cxd4 4. Nxd4 Nf6 5. Nc3 e6 6. Bd3 a6 7. a4 Be7 8. Be3 Nc6 9. Nxc6 bxc6 10. a5 c5 11. Qd2 Qc7 12. Bc4 0-0 13. f3 Bb7 14. 0-0 Rfd8 15. Na4 Nd7 16. Rfe1 Bc6 17. Nc3 Nf6 18. Bf4 Qb7 19. b3 d5 20. exd5 exd5 21. Qe2 Re8 22. Bd3 Bd6 23. Qd2 Qc7 24. Bxd6 Qxd6 25. Rxe8+ Nxe8 26. Qe2 Nc7 27. Re1 Re8 28. Qf2 Rxe1+ 29. Qxe1 Qf6 30. Ne2 h6 31. Qg3 Qa1+ 32. Kf2 Qxa5 33. Qd6 Be8 34. Qd8 Qb6 35. Kg3 Qc6 36. Nf4 Qd7 37. Qb8 Qd6 38. Kg4 g6 39. Nxd5 Qe6+ 40. Kg3 Nxd5 41. Qa8 Qe1+ 42. Kg4 h5+ 43. Kg5 f6+ 0-1

[Event "BL2 Gr1 0304 (Women)"]
[Site "Germany"]
[Date "2003.11.30"]
[Round "4.2"]
[White "Vogel, Heike"]
[Black "Kloster, Elisabeth"]
[Result "1-0"]
[WhiteElo "2152"]
[BlackElo "1685"]
[PlyCount "57"]
[EventDate "2003.10.25"]
[EventType "team-tourn"]
[EventRounds "7"]
[EventCountry "GER"]
[SourceTitle "EXT 2006"]
[Source "ChessBase"]
[SourceDate "2005.11.24"]
[SourceVersion "1"]
[SourceVersionDate "2005.11.24"]
[SourceQuality "1"]
[WhiteTeam "Eikamp (W)"]
[BlackTeam "Heiden (W)"]
[WhiteTeamCountry "GER"]
[BlackTeamCountry "GER"]

1. d4 Nf6 2. Nf3 d6 3. Nc3 g6 4. e4 Bg7 5. Bc4 0-0 6. Qe2 Bg4 7. e5 dxe5 8. dxe5 Nfd7 9. e6 Ne5 10. exf7+ Nxf7 11. Bg5 Bf6 12. Rd1 Nd7 13. Ne4 Kg7 14. Bxf7 Rxf7 15. Qd2 Qc8 16. Bh6+ Kg8 17. Neg5 Bxg5 18. Nxg5 Rf5 19. f3 Re5+ 20. Kf2 Nf6 21. Qd4 Rd5 22. Qc4 Be6 23. Qe2 Ng4+ 24. fxg4 Bxg4 25. Nf3 Qf5 26. Rxd5 Qxd5 27. Qxe7 Qf7 28. Qxf7+ Kxf7 29. Ne5+ 1-0